000
00279nam a2200109Ia 4500
008
190216s9999||||xx |||||||||||||| ||und||
100
_a
Molkov
245
0
_a
Arude Yugam Manushyandeyo Manthirka Manushyanetho
260
_b
Current Books
650
_a
Malayalam Essays
942
_c
BK
999
_c
24652
_d
24652